Logo BPK

Biblioteka

Politechniki Koszalińskiej

Ferrimagnetizm / (Rekord nr 16262)

Szczegóły MARC
000 -ETYKIETA REKORDU
podpole kontrolne o stałej długości 00424nam a2200157 i 4500
001 - NUMER KONTROLNY REKORDU
pole kontrolne bg
040 ## - ŹRÓDŁO KATALOGOWANIA
Instytucja, która utworzyła rekord BPK
041 ## - KOD JĘZYKA
Kod języka tekstu pol
080 ## - UNIWERSALNA KLASYFIKACJA DZIESIĘTNA - UKD
UKD 537.6+541.1
008 - POLE O STAŁEJ DŁUGOŚCI - DANE KONTROLNE
podpole kontrolne o stałej długości s pl f |000 0 pol
245 #0 - TYTUŁ/ODPOWIEDZIALNOŚĆ
Tytuł Ferrimagnetizm /
Pozostałe elementy strefy tytułu i oznaczenia odpowiedzialności pod red. K. P. Belova, Ju. D. Tret'jakova.
260 ## - STREFA ADRESU WYDAWNICZEGO
Miejsce wydania [Moskva] :
Nazwa wydawcy/dystrybutora Izdat. Moskov. Univ.,
Data publikacji, dystrybucji/powstania dokumentu 1974.
300 ## - STREFA OPISU FIZYCZNEGO
Objętość 206, [3] s. :
Inne cechy fizyczne rys., tab., ilustr.
500 ## - UWAGI OGÓLNE
Tekst uwagi [Alf. ros.].
942 ## - DODATKOWE ELEMENTY (KOHA)
Typ dokumentu Książka
Egzemplarze
Wycofany Status egzemplarza Uszkodzony Dostępność Lokalizacja stała Lokalizacja bieżąca Miejsce przechowywania Sygnatura Kod kreskowy Typ dokumentu Numer ubytku
      Dostępny Biblioteka Politechniki Koszalińskiej Biblioteka Politechniki Koszalińskiej Wypożyczalnia BG 19884 01705027 Książka  
  Egz. niedostępny   Niedostępny Biblioteka Politechniki Koszalińskiej Biblioteka Politechniki Koszalińskiej   19885 02149998 Książka 11908
© 2023 Biblioteka Politechniki Koszalińskiej :: KOHA